000 00685nam a22002297a 4500
001 27804
003 BD-RjUL
005 20211209051214.0
008 140327r19511928enk |||| |||| 000 0 eng d
035 _a(BD-RjUL)27883
040 _aBD-RjUL
_beng
_cBD-RjUL
041 _aeng
082 0 4 _a937
_bLUC 1951
100 1 _aLucan
_985345
245 0 _aThe Civil war : books I-X /
_cLucan
260 _aLondon : :
_bW. Heinemann Cambridge, Mass. : Harvard University Press,
_c1928[Reprinted 1951.]
300 _a638 p. ;
_c17cm.
504 _aIncludes Index
650 _a Pharsalus, Battle of, Farsala, Greece, 48 B.C.
_985346
700 _a Duff J D
_966320
942 _2ddc
_cBK
999 _c27804
_d27804